000 00631nam a2200241Ia 4500
005 20260306150818.0
008 008 260114s9999 xx 000 0 eng d
020 _a9783954877027
037 _aEbook
040 _aCRL
040 _beng
040 _cCRL
041 _2eng
041 _aeng
084 _qCRL
245 0 _aTemblor de Lima y otros poemas al marqués de Montesclaros, virrey del Perú (1607-1615)
260 _bVervuert Verlagsgesellschaft
260 _c2018
650 _aLiterary Studies
856 _uhttps://www.degruyter.com/isbn/9783954877027
942 _cEBOOK
999 _c1699832
_d1699832